000 00511nam a2200181Ia 4500
008 191130s1956##################000#0#eng##
020 _a040600045x
040 _aACL
_cACL
082 _a348.4204 BRI
245 _aThe all England law reports reprint 1926
_cedited by G.F.L. Bridgman
260 _aLondon
_bButterworth & Co
_c1956
300 _a928 p.; 23 cm.
650 _aLaw- Reports
700 _aBridgman, G. F. L
990 _a0340309aac10000c1d03141f05ee0afa
991 _a389328
999 _c404592
_d404592